[Event "Kaluga Tsiolkovsky Memorial op"]
[Site "Kaluga"]
[Date "2016.08.14"]
[Round "8"]
[White "Skripchenko, Vladimir N"]
[Black "Panko, Alexander"]
[Result "1/2-1/2"]
[WhiteElo "1798"]
[BlackElo "2004"]
[PlyCount "104"]
[EventDate "2016.08.06"]
[EventType "swiss"]
[EventRounds "9"]
[EventCountry "RUS"]
[SourceTitle "CBM 174 Extra"]
[Source "ChessBase"]
[SourceDate "2016.10.10"]
[SourceVersion "1"]
[SourceVersionDate "2016.10.10"]
[SourceQuality "1"]

1. e4 e5 2. Nf3 Nf6 3. Nxe5 d6 4. Nf3 Nxe4 5. Qe2 Qe7 6. d3 Nc5 7. Qxe7+ Bxe7 8. Be2 0-0 9. 0-0 Bf6 10. Nc3 c6 11. Bd2 Nba6 12. a3 Nc7 13. Rae1 h6 14. Bd1 Bf5 15. h3 N5e6 16. Bc1 Rfe8 17. Ne4 Bxe4 18. Rxe4 Nc5 19. Rxe8+ Rxe8 20. Re1 N5e6 21. Kf1 c5 22. c3 b5 23. Bc2 a5 24. a4 b4 25. c4 b3 26. Bd1 Rb8 27. Re2 g5 28. g3 d5 29. Re1 dxc4 30. dxc4 Rb4 31. Bd2 Rb8 32. Bc1 Nd4 33. Ne5 Rd8 34. f4 Nc2 35. Bxc2 bxc2 36. Ke2 Ne6 37. Be3 Bxe5 38. fxe5 Nd4+ 39. Bxd4 Rxd4 40. Rc1 Rxc4 41. Kd3 Rxa4 42. Rxc2 Rb4 43. Rxc5 Rxb2 44. Ke4 Rb3 45. h4 Rxg3 46. hxg5 Rxg5 47. Rxa5 Kg7 48. Kf4 Rg1 49. Ra7 Rg6 50. Kf5 h5 51. Ra4 Kh6 52. Ra8 Kg7 1/2-1/2

[Event "Kaluga Tsiolkovsky Memorial op"]
[Site "Kaluga"]
[Date "2016.08.07"]
[Round "2"]
[White "Provotorov, Alexandr P"]
[Black "Panko, Alexander"]
[Result "1-0"]
[WhiteElo "2294"]
[BlackElo "2004"]
[PlyCount "63"]
[EventDate "2016.08.06"]
[EventType "swiss"]
[EventRounds "9"]
[EventCountry "RUS"]
[SourceTitle "CBM 174 Extra"]
[Source "ChessBase"]
[SourceDate "2016.10.10"]
[SourceVersion "1"]
[SourceVersionDate "2016.10.10"]
[SourceQuality "1"]

1. c4 Nf6 2. Nc3 g6 3. e4 d6 4. d4 Bg7 5. Nf3 0-0 6. Be2 Nbd7 7. 0-0 e5 8. Re1 Re8 9. Bf1 c6 10. d5 Nb6 11. dxc6 bxc6 12. c5 dxc5 13. Qxd8 Rxd8 14. Nxe5 Re8 15. Nc4 Be6 16. Nd6 Re7 17. Bg5 h6 18. Be3 Nfd7 19. Red1 g5 20. Rac1 Be5 21. Nf5 Bxf5 22. exf5 Bf4 23. Bxf4 gxf4 24. Rd6 Ne5 25. Rxh6 Rd8 26. Rh4 f3 27. Ne4 Nd3 28. Nf6+ Kf8 29. Bxd3 Rxd3 30. gxf3 Re2 31. Rg4 Rxb2 32. Re1 1-0

[Event "Kaluga Tsiolkovsky Memorial op"]
[Site "Kaluga"]
[Date "2014.08.08"]
[Round "7"]
[White "Timofeev, Vladimir F"]
[Black "Panko, Alexander"]
[Result "1-0"]
[WhiteElo "2229"]
[BlackElo "2018"]
[PlyCount "83"]
[EventDate "2014.08.02"]
[EventType "swiss"]
[EventRounds "8"]
[EventCountry "RUS"]
[SourceTitle "EXT 2023"]
[Source "ChessBase"]
[SourceDate "2022.10.05"]
[SourceVersion "1"]
[SourceVersionDate "2022.10.05"]
[SourceQuality "1"]

1. d4 d5 2. c4 c6 3. Nf3 Nf6 4. Nc3 e6 5. e3 Nbd7 6. Qc2 b6 7. cxd5 exd5 8. Bd3 Bb7 9. 0-0 Be7 10. Ne5 0-0 11. f4 c5 12. Bd2 c4 13. Bf5 g6 14. Bh3 Bb4 15. a3 Bxc3 16. Bxc3 Nxe5 17. fxe5 Ne4 18. Rf4 Bc8 19. Bb4 Re8 20. Bxc8 Rxc8 21. Raf1 a5 22. Be1 Rc7 23. Rxe4 dxe4 24. Qxe4 f5 25. Qf4 Qd5 26. Bc3 Ra7 27. h4 Rg7 28. Qf3 Rd7 29. h5 Re6 30. hxg6 hxg6 31. Kf2 Ree7 32. Qxd5+ Rxd5 33. e4 fxe4 34. Ke3 Rf7 35. Rh1 Rd8 36. Kxe4 Rf2 37. d5 Re2+ 38. Kd4 Rxg2 39. d6 Rg4+ 40. Kd5 Rg5 41. Kc6 Re8 42. d7 1-0

[Event "Kaluga Tsiolkovsky Memorial op"]
[Site "Kaluga"]
[Date "2013.08.10"]
[Round "8"]
[White "Klyuev, Alexander S"]
[Black "Panko, Alexander"]
[Result "1-0"]
[WhiteElo "2268"]
[BlackElo "2100"]
[PlyCount "89"]
[EventDate "2013.08.03"]
[EventType "swiss"]
[EventRounds "9"]
[EventCountry "RUS"]
[SourceTitle "CBM 156 Extra"]
[Source "ChessBase"]
[SourceDate "2013.10.22"]
[SourceVersion "1"]
[SourceVersionDate "2013.10.22"]
[SourceQuality "1"]

1. e4 e5 2. Nf3 Nf6 3. Nc3 Nc6 4. a3 Be7 5. d4 d6 6. d5 Nb8 7. h3 0-0 8. Be3 c6 9. g4 cxd5 10. exd5 b6 11. Qd2 Na6 12. g5 Ne8 13. Ne4 Nc5 14. Nxc5 bxc5 15. Bc4 Rb8 16. 0-0-0 Kh8 17. Rhg1 f5 18. gxf6 Bxf6 19. Ng5 e4 20. c3 Bxg5 21. Rxg5 Rf7 22. Qc2 Nf6 23. Kb1 Qa5 24. Ka2 Bd7 25. Rdg1 Ba4 26. Qe2 Qb6 27. Bc1 Bb3+ 28. Ka1 a5 29. h4 a4 30. h5 Re8 31. Rf5 Qc7 32. Bxb3 axb3 33. c4 Qd7 34. Rfg5 Qh3 35. h6 g6 36. R5g3 Qh5 37. Qe1 Qf5 38. Rg5 Qc8 39. Bd2 Kg8 40. Bc3 Nd7 41. Qe2 Ree7 42. Qg4 Qe8 43. Rxg6+ hxg6 44. Qxg6+ Rg7 45. h7+ 1-0

[Event "Kaluga Tsiolkovsky Memorial op"]
[Site "Kaluga"]
[Date "2013.08.03"]
[Round "1"]
[White "Panko, Alexander"]
[Black "Novikov, Viktor"]
[Result "1-0"]
[WhiteElo "2100"]
[BlackElo "2024"]
[PlyCount "70"]
[EventDate "2013.08.03"]
[EventType "swiss"]
[EventRounds "9"]
[EventCountry "RUS"]
[SourceTitle "CBM 156 Extra"]
[Source "ChessBase"]
[SourceDate "2013.10.22"]
[SourceVersion "1"]
[SourceVersionDate "2013.10.22"]
[SourceQuality "1"]

1. e4 e5 2. Nf3 Nc6 3. Bb5 a6 4. Ba4 Nf6 5. 0-0 d6 6. d4 b5 7. dxe5 Nxe4 8. Qd5 Nc5 9. exd6 Qxd6 10. Bb3 Nxb3 11. Re1+ Be6 12. Qxd6 Bxd6 13. axb3 0-0 14. Be3 Rfe8 15. Nc3 Bb4 16. Nd4 Nxd4 17. Bxd4 Kf8 18. Be3 h6 19. Rec1 Bd6 20. Ne2 Be5 21. Nd4 Bd5 22. b4 Rec8 23. c3 Kg8 24. Nf5 Re8 25. Bc5 Bf6 26. Bd4 Bxd4 27. Nxd4 Bc4 28. f3 Bd5 29. Kf2 Bc4 30. Ra3 g6 31. Rca1 Bd5 32. Rxa6 Rxa6 33. Rxa6 Bb7 34. Ra7 Rb8 35. Nxb5 Kg7 1-0

[Event "Kaluga Tsiolkovsky Memorial op"]
[Site "Kaluga"]
[Date "2012.08.02"]
[Round "4"]
[White "Tarasov, Igor"]
[Black "Panko, Alexander"]
[Result "1/2-1/2"]
[WhiteElo "2319"]
[BlackElo "2098"]
[PlyCount "142"]
[EventDate "2012.07.30"]
[EventType "swiss"]
[EventRounds "9"]
[EventCountry "RUS"]
[SourceTitle "EXT 2014"]
[Source "ChessBase"]
[SourceDate "2013.11.20"]
[SourceVersion "1"]
[SourceVersionDate "2013.11.20"]
[SourceQuality "1"]

1. e4 e5 2. Bc4 Nf6 3. d3 c6 4. Nf3 d5 5. Bb3 Bd6 6. Nbd2 Nbd7 7. c3 Bc7 8. Qe2 0-0 9. 0-0 Re8 10. g3 Nc5 11. Bc2 Bg4 12. Re1 h6 13. Qf1 Qd7 14. Nh4 dxe4 15. Nxe4 Nfxe4 16. dxe4 Rad8 17. Be3 Bb6 18. f3 Bh3 19. Qe2 Qe7 20. b4 Nd7 21. Bb3 Qg5 22. Rad1 Nf6 23. Kf2 Kf8 24. Bxb6 axb6 25. b5 Nd7 26. bxc6 bxc6 27. Qc4 Be6 28. Qxc6 Nc5 29. Bd5 Bxd5 30. Qxb6 Nxe4+ 31. fxe4 Bxa2 32. Nf3 Qe7 33. Qb4 f6 34. Ra1 Be6 35. Ra7 Rd7 36. Rxd7 Bxd7 37. Qxe7+ Kxe7 38. Ra1 Rc8 39. Ra3 Bc6 40. Ra7+ Bd7 41. Ra3 Kd6 42. Ke3 Bc6 43. Nd2 Ra8 44. Rb3 g6 45. h4 Kc5 46. Rb4 Bb5 47. Nb3+ Kc6 48. c4 Ba4 49. Nd2 Bd1 50. Rb1 Ra3+ 51. Kf2 Bg4 52. Rb8 Rd3 53. Nf1 Rf3+ 54. Kg2 Rc3 55. Rf8 Bf3+ 56. Kf2 Bxe4 57. Rxf6+ Kc5 58. Nd2 Bf5 59. h5 Rd3 60. Ke2 Rd6 61. Nb3+ Kc6 62. Na5+ Kc7 63. Rf7+ Rd7 64. hxg6 Bxg6 65. Rxd7+ Kxd7 66. c5 Bf7 67. Nb7 Bh5+ 68. Ke3 Kc6 69. Nd6 Bg6 70. Ne4 Kd5 71. Nf6+ Kxc5 1/2-1/2

[Event "Kaluga Tsiolkovsky Memorial op"]
[Site "Kaluga"]
[Date "2012.08.01"]
[Round "3"]
[White "Panko, Alexander"]
[Black "Lysenko, Olga"]
[Result "1-0"]
[WhiteElo "2098"]
[BlackElo "1832"]
[PlyCount "71"]
[EventDate "2012.07.30"]
[EventType "swiss"]
[EventRounds "9"]
[EventCountry "RUS"]
[SourceTitle "EXT 2014"]
[Source "ChessBase"]
[SourceDate "2013.11.20"]
[SourceVersion "1"]
[SourceVersionDate "2013.11.20"]
[SourceQuality "1"]

1. d4 Nf6 2. Bg5 Ne4 3. Bf4 c5 4. f3 Qa5+ 5. c3 Nf6 6. d5 d6 7. e4 g6 8. Nd2 b5 9. a4 b4 10. Bb5+ Nfd7 11. Nc4 Qd8 12. a5 Ba6 13. Bxa6 Nxa6 14. Ne2 Bg7 15. Qd2 0-0 16. Bh6 Rb8 17. Bxg7 Kxg7 18. 0-0 Nf6 19. g4 h6 20. Qd3 Nc7 21. h3 Qd7 22. Ne3 bxc3 23. bxc3 Rb3 24. Nc1 Rb5 25. c4 Rb7 26. f4 Nfe8 27. e5 e6 28. Ra2 exd5 29. cxd5 Rb4 30. Nc2 Rb8 31. Rd1 Nb5 32. Ne2 Nec7 33. Ne3 Rfd8 34. Qe4 Re8 35. Nc4 f6 36. e6 1-0

[Event "Kaluga Tsiolkovsky Memorial op"]
[Site "Kaluga"]
[Date "2012.07.30"]
[Round "2"]
[White "Lopukhin, Anatoly Viktorovich"]
[Black "Panko, Alexander"]
[Result "1-0"]
[WhiteElo "2312"]
[BlackElo "2098"]
[PlyCount "75"]
[EventDate "2012.07.30"]
[EventType "swiss"]
[EventRounds "9"]
[EventCountry "RUS"]
[SourceTitle "EXT 2014"]
[Source "ChessBase"]
[SourceDate "2013.11.20"]
[SourceVersion "1"]
[SourceVersionDate "2013.11.20"]
[SourceQuality "1"]

1. d4 d5 2. Nf3 Nf6 3. Bf4 c6 4. e3 Bg4 5. Nbd2 e6 6. h3 Bh5 7. g4 Bg6 8. Ne5 Nbd7 9. h4 Nxe5 10. dxe5 Nxg4 11. Qxg4 Bxc2 12. Rc1 Bf5 13. Qd1 h6 14. Qb3 Qc7 15. h5 a5 16. a3 a4 17. Qc3 Ra5 18. Qd4 c5 19. Qc3 Qb6 20. e4 Bh7 21. Bd3 c4 22. Be3 Bc5 23. Bxc5 Rxc5 24. Bc2 Qa7 25. Rg1 g5 26. hxg6 Bxg6 27. exd5 Bxc2 28. Rxc2 exd5 29. e6 Rf8 30. Qe5 f6 31. Qd6 b6 32. Rg7 Qxg7 33. Qb8+ Ke7 34. Qb7+ Kxe6 35. Qxg7 Rcc8 36. Nf3 Rg8 37. Re2+ Kd6 38. Qe7+ 1-0

[Event "Obninsk"]
[Site "Obninsk"]
[Date "2012.??.??"]
[Round "5"]
[White "Dubov, Alexandr"]
[Black "Panko, Alexander"]
[Result "1-0"]
[WhiteElo "2142"]
[BlackElo "2150"]
[PlyCount "107"]
[EventDate "2012.01.11"]
[EventType "tourn"]
[EventRounds "11"]
[EventCountry "RUS"]
[SourceTitle "EXT 2014"]
[Source "ChessBase"]
[SourceDate "2013.11.20"]
[SourceVersion "1"]
[SourceVersionDate "2013.11.20"]
[SourceQuality "1"]

1. d4 Nf6 2. Nf3 g6 3. Bf4 Bg7 4. e3 d6 5. h3 0-0 6. Be2 c5 7. c3 Nc6 8. Nbd2 Re8 9. dxc5 e5 10. Bg5 dxc5 11. e4 h6 12. Be3 b6 13. Qc2 Be6 14. Ba6 Qc7 15. 0-0 Re7 16. a4 Na5 17. b3 Rd8 18. Rac1 c4 19. b4 Nb7 20. Bxb7 Qxb7 21. Nxe5 Nxe4 22. Nxg6 fxg6 23. Qxe4 Qxe4 24. Nxe4 Bd7 25. Nd2 Bxa4 26. Nf3 Rd3 27. Nd4 Be8 28. Rfd1 Rxd1+ 29. Rxd1 a5 30. bxa5 bxa5 31. Rb1 Bf8 32. Rb8 a4 33. Ra8 Kf7 34. Nf3 Bc6 35. Rc8 Bd5 36. Bc5 Re8 37. Ne5+ Rxe5 38. Rxf8+ Kg7 39. Rb8 Re1+ 40. Kh2 Rd1 41. Bd4+ Rxd4 42. cxd4 Be4 43. Rc8 Bd3 44. Kg3 Kf6 45. Kf3 Ke6 46. Ke3 Kd5 47. Rc5+ Kd6 48. h4 h5 49. Kd2 Be4 50. f3 Bd5 51. Ra5 Bc6 52. Kc3 Kc7 53. Kxc4 Kd6 54. Kb4 1-0

[Event "Obninsk"]
[Site "Obninsk"]
[Date "2012.??.??"]
[Round "7"]
[White "Kozenkov, Evgeny"]
[Black "Panko, Alexander"]
[Result "1-0"]
[WhiteElo "1937"]
[BlackElo "2150"]
[PlyCount "102"]
[EventDate "2012.01.11"]
[EventType "tourn"]
[EventRounds "11"]
[EventCountry "RUS"]
[SourceTitle "EXT 2014"]
[Source "ChessBase"]
[SourceDate "2013.11.20"]
[SourceVersion "1"]
[SourceVersionDate "2013.11.20"]
[SourceQuality "1"]

1. d4 Nf6 2. Nf3 g6 3. e3 Bg7 4. c4 0-0 5. Nc3 d6 6. Be2 c5 7. 0-0 Nc6 8. b3 a6 9. Bb2 Qc7 10. e4 e5 11. dxe5 dxe5 12. Nd5 Nxd5 13. cxd5 Nd4 14. Rc1 Qd6 15. Nxd4 cxd4 16. f4 Qb6 17. Kh1 Bd7 18. fxe5 Bxe5 19. Ba3 Rfc8 20. Bc4 Kg7 21. Be7 f6 22. Qf3 Re8 23. d6 Rf8 24. Bd5 Bc6 25. Bxc6 bxc6 26. Bxf8+ Rxf8 27. Qh3 Rd8 28. d7 c5 29. b4 cxb4 30. Rc8 Qb5 31. Rfc1 Qxd7 32. Rxd8 Qxd8 33. Qe6 Qd6 34. Qxd6 Bxd6 35. Rc6 Bf4 36. g3 Bd2 37. Rxa6 f5 38. exf5 gxf5 39. Kg2 Bc3 40. Rd6 Kf7 41. Kf3 Ke7 42. Rh6 d3 43. Rxh7+ Ke6 44. Ke3 d2 45. Ke2 Kf6 46. Rd7 Kg5 47. h3 Be5 48. Kf3 Bc3 49. Rd6 Kh5 50. Kf4 Bf6 51. Kxf5 Bc3 1-0

[Event "Obninsk"]
[Site "Obninsk"]
[Date "2012.??.??"]
[Round "11"]
[White "Panko, Alexander"]
[Black "Bilan, Danila"]
[Result "1-0"]
[WhiteElo "2150"]
[BlackElo "1894"]
[PlyCount "91"]
[EventDate "2012.01.11"]
[EventType "tourn"]
[EventRounds "11"]
[EventCountry "RUS"]
[SourceTitle "EXT 2014"]
[Source "ChessBase"]
[SourceDate "2013.11.20"]
[SourceVersion "1"]
[SourceVersionDate "2013.11.20"]
[SourceQuality "1"]

1. d4 Nf6 2. Bg5 Ne4 3. Bf4 c5 4. f3 Qa5+ 5. c3 Nf6 6. d5 d6 7. e4 Nbd7 8. Nd2 g6 9. Nc4 Qc7 10. a4 Bg7 11. g4 b6 12. Nh3 h6 13. Nf2 Ne5 14. Be2 Nfd7 15. 0-0 Nxc4 16. Bxc4 Ne5 17. Bb5+ Bd7 18. Bxe5 Bxe5 19. Nd3 Bg7 20. c4 Bd4+ 21. Kg2 h5 22. h3 a6 23. Bxd7+ Kxd7 24. Ra3 Rh7 25. Rb3 Rb8 26. g5 e6 27. Nb4 cxb4 28. Qxd4 e5 29. Qd2 a5 30. Rd3 Qxc4 31. Rc1 Qa6 32. f4 Rc8 33. Rc6 Qb7 34. fxe5 dxe5 35. Qf2 Ke8 36. Qf6 Rd8 37. Qxe5+ Qe7 38. Qf4 Rh8 39. Rf3 Rh7 40. h4 Rg7 41. Rf2 Rh7 42. Rfc2 Rg7 43. Rxb6 Ra8 44. Rc7 Qd8 45. Rbb7 Rb8 46. Re7+ 1-0

[Event "Obninsk"]
[Site "Obninsk"]
[Date "2012.??.??"]
[Round "3"]
[White "Sidorov, Klim"]
[Black "Panko, Alexander"]
[Result "0-1"]
[WhiteElo "1909"]
[BlackElo "2150"]
[PlyCount "125"]
[EventDate "2012.01.11"]
[EventType "tourn"]
[EventRounds "11"]
[EventCountry "RUS"]
[SourceTitle "EXT 2014"]
[Source "ChessBase"]
[SourceDate "2013.11.20"]
[SourceVersion "1"]
[SourceVersionDate "2013.11.20"]
[SourceQuality "1"]

1. e4 e5 2. Nf3 Nf6 3. Nxe5 d6 4. Nf3 Nxe4 5. Qe2 Qe7 6. d3 Nf6 7. h3 Qxe2+ 8. Bxe2 g6 9. 0-0 Bg7 10. Nc3 c6 11. Bf4 d5 12. Ne5 0-0 13. Bf3 Be6 14. Na4 Nbd7 15. Rfe1 Rfe8 16. g4 h6 17. Kh2 Nxe5 18. Bxe5 Nd7 19. Bxg7 Kxg7 20. d4 f5 21. gxf5 Bxf5 22. Bg4 Kf6 23. b3 Rad8 24. Bxf5 Kxf5 25. Nb2 c5 26. dxc5 Nxc5 27. Rxe8 Rxe8 28. Rd1 Re5 29. c4 Ke6 30. b4 Re2 31. cxd5+ Kd7 32. Rg1 Rxf2+ 33. Rg2 Ne4 34. Rxf2 Nxf2 35. Nc4 Nd3 36. a3 b5 37. Ne3 Kd6 38. Kg3 Ne5 39. Kf4 Nc4 40. Ng4 Nxa3 41. Ke4 Nc2 42. Nxh6 Nxb4 43. Nf7+ Ke7 44. Ne5 a5 45. Nxg6+ Kd6 46. h4 Nxd5 47. Ne5 Nc3+ 48. Kf5 Ne2 49. Nd3 b4 50. Kg5 Ng3 51. Kf4 Ne2+ 52. Kg5 Ke7 53. h5 Kf8 54. h6 b3 55. Nb2 Kg8 56. Kg6 Nf4+ 57. Kf5 Nd5 58. Kg6 Kh8 59. h7 Nf4+ 60. Kf5 Nd3 61. Nxd3 a4 62. Ne5 b2 63. Kg6 0-1

[Event "RUS-ch Seniors"]
[Site "Odintsovo"]
[Date "2011.04.22"]
[Round "4"]
[White "Kuznetsov, Nikolay P"]
[Black "Panko, Alexander"]
[Result "1-0"]
[WhiteElo "2317"]
[BlackElo "2091"]
[PlyCount "98"]
[EventDate "2011.04.19"]
[EventType "swiss"]
[EventRounds "9"]
[EventCountry "RUS"]
[SourceTitle "CBM 142 Extra"]
[Source "ChessBase"]
[SourceDate "2011.06.27"]
[SourceVersion "1"]
[SourceVersionDate "2011.06.27"]
[SourceQuality "1"]

1. Nf3 Nf6 2. c4 e6 3. d4 d5 4. Nc3 c6 5. e3 Nbd7 6. Qc2 Be7 7. Be2 0-0 8. 0-0 Re8 9. Rd1 a6 10. a3 b5 11. b3 Bb7 12. c5 Qc7 13. Bb2 Bf8 14. Nb1 Ne4 15. b4 f6 16. Bd3 f5 17. Ne5 g6 18. f3 Nef6 19. Qf2 Bg7 20. Nd2 Rf8 21. Qh4 a5 22. Bc2 a4 23. f4 Rae8 24. Ndf3 Ne4 25. g4 Ndf6 26. h3 Qe7 27. Kg2 Nd7 28. g5 Nxe5 29. dxe5 Bc8 30. Qe1 Rf7 31. h4 Bf8 32. h5 Rg7 33. Qh4 Qd8 34. Rh1 Kf7 35. Rad1 Be7 36. Bxe4 fxe4 37. Nh2 h6 38. Rdf1 Reg8 39. Ng4 hxg5 40. fxg5+ Ke8 41. Nf6+ Bxf6 42. exf6 Rh7 43. Qf4 Kf7 44. hxg6+ Kxg6 45. Rxh7 Kxh7 46. Qh4+ Kg6 47. Qh6+ Kf7 48. Qh7+ Kf8 49. g6 e5 1-0

[Event "RUS-ch Seniors"]
[Site "Odintsovo"]
[Date "2011.04.20"]
[Round "2"]
[White "Kornilov, Anatoly Aleksandrov"]
[Black "Panko, Alexander"]
[Result "1/2-1/2"]
[WhiteElo "2342"]
[BlackElo "2091"]
[PlyCount "102"]
[EventDate "2011.04.19"]
[EventType "swiss"]
[EventRounds "9"]
[EventCountry "RUS"]
[SourceTitle "CBM 142 Extra"]
[Source "ChessBase"]
[SourceDate "2011.06.27"]
[SourceVersion "1"]
[SourceVersionDate "2011.06.27"]
[SourceQuality "1"]

1. d4 d5 2. c4 c6 3. Nf3 Nf6 4. Nc3 e6 5. cxd5 exd5 6. Bg5 Be7 7. Qc2 0-0 8. e3 Nbd7 9. Bd3 Re8 10. 0-0 Nf8 11. Rab1 Ne4 12. Bxe7 Qxe7 13. Bxe4 dxe4 14. Nd2 f5 15. b4 Be6 16. b5 c5 17. dxc5 Qxc5 18. Rfc1 Rac8 19. Qb2 Qe5 20. Qb4 Red8 21. Rb2 Rd3 22. Ne2 Rxc1+ 23. Nxc1 Rd7 24. Rc2 Rc7 25. Rxc7 Qxc7 26. Qb2 Bd5 27. Ne2 Ne6 28. Nb3 Kf7 29. Ned4 Bxb3 30. Nxb3 Qd7 31. Qe2 g6 32. h3 b6 33. Qc4 Qd1+ 34. Kh2 Qd3 35. Qc8 Qd6+ 36. Kg1 Qd1+ 37. Kh2 Qd8 38. Qc4 Ke7 39. Nd4 Qc7+ 40. Qxc7+ Nxc7 41. Nc6+ Kd6 42. Nxa7 Kc5 43. a4 Nd5 44. Kg3 Nc3 45. Kf4 Nxa4 46. g4 fxg4 47. hxg4 h5 48. gxh5 gxh5 49. Kxe4 Nc3+ 50. Kf4 Nxb5 51. Nc8 Nd6 1/2-1/2

[Event "RUS-ch Seniors"]
[Site "Odintsovo"]
[Date "2011.04.19"]
[Round "1"]
[White "Panko, Alexander"]
[Black "Karpov, Vladimir"]
[Result "0-1"]
[WhiteElo "2091"]
[BlackElo "2311"]
[PlyCount "54"]
[EventDate "2011.04.19"]
[EventType "swiss"]
[EventRounds "9"]
[EventCountry "RUS"]
[SourceTitle "CBM 142 Extra"]
[Source "ChessBase"]
[SourceDate "2011.06.27"]
[SourceVersion "1"]
[SourceVersionDate "2011.06.27"]
[SourceQuality "1"]

1. d4 Nf6 2. Bg5 g6 3. Bxf6 exf6 4. e3 Bg7 5. Bd3 0-0 6. c3 d6 7. Nd2 f5 8. Ne2 Nd7 9. Nf4 Nf6 10. h4 Re8 11. Qf3 h5 12. g3 Bd7 13. Qxb7 Rb8 14. Qa6 Rxb2 15. Qa3 Qa8 16. Qxb2 Qxh1+ 17. Ke2 Qa8 18. Rb1 Bh6 19. c4 Bxf4 20. gxf4 Qg2 21. Rf1 Ng4 22. Kd1 Nxf2+ 23. Kc2 Ba4+ 24. Kc3 Rxe3 25. Rxf2 Qxf2 26. Qb8+ Kg7 27. Qxa7 Qe2 0-1

[Event "CFO-ch Seniors"]
[Site "Kaluga"]
[Date "2011.03.05"]
[Round "?"]
[White "Nekrasov, Stanislav"]
[Black "Panko, Alexander"]
[Result "0-1"]
[WhiteElo "1933"]
[BlackElo "2065"]
[PlyCount "48"]
[EventDate "2011.03.05"]
[EventType "swiss"]
[EventRounds "9"]
[EventCountry "RUS"]
[SourceTitle "CBM 141 Extra"]
[Source "ChessBase"]
[SourceDate "2011.05.03"]
[SourceVersion "1"]
[SourceVersionDate "2011.05.03"]
[SourceQuality "1"]

1. e4 e5 2. Nc3 Nf6 3. Nf3 Nc6 4. a3 g6 5. Bc4 Nxe4 6. Nd5 Bg7 7. Qe2 Nd6 8. Ba2 0-0 9. c3 e4 10. Ng1 Ne5 11. Ne3 b6 12. h4 a5 13. a4 Ba6 14. c4 Nd3+ 15. Kf1 h5 16. g4 Nf4 17. Qd1 f5 18. gxf5 Nxf5 19. d4 d5 20. Nxf5 Rxf5 21. Qc2 Nd3 22. Be3 Nb4 23. Qc3 Nxa2 24. Rxa2 Bxc4+ 0-1

[Event "RUS-ch Seniors"]
[Site "Lesnoj Gorodok"]
[Date "2009.10.06"]
[Round "4"]
[White "Ivanets, Vladimir"]
[Black "Panko, Alexander"]
[Result "1-0"]
[WhiteElo "2231"]
[BlackElo "2126"]
[PlyCount "35"]
[EventDate "2009.10.03"]
[EventType "swiss"]
[EventRounds "9"]
[EventCountry "RUS"]
[SourceTitle "CBM 132 Extra"]
[Source "ChessBase"]
[SourceDate "2009.11.03"]
[SourceVersion "1"]
[SourceVersionDate "2009.11.03"]
[SourceQuality "1"]

1. b4 Nf6 2. Nf3 e6 3. a3 b6 4. e3 Bb7 5. d4 c5 6. b5 d6 7. Be2 Be7 8. 0-0 Nbd7 9. a4 0-0 10. a5 Qc7 11. a6 Bxf3 12. Bxf3 d5 13. Nd2 cxd4 14. exd4 Rac8 15. Ra2 Ne8 16. c4 Ndf6 17. cxd5 Nxd5 18. Qb3 1-0

[Event "Obninsk op"]
[Site "Obninsk"]
[Date "2009.07.??"]
[Round "7"]
[White "Panko, Alexander"]
[Black "Loginov, Anton"]
[Result "1/2-1/2"]
[WhiteElo "2126"]
[BlackElo "2233"]
[PlyCount "78"]
[EventDate "2009.07.??"]
[EventType "swiss"]
[EventRounds "9"]
[EventCountry "RUS"]
[SourceTitle "CBM 131 Extra"]
[Source "ChessBase"]
[SourceDate "2009.09.03"]
[SourceVersion "2"]
[SourceVersionDate "2009.09.16"]
[SourceQuality "1"]

1. e4 c5 2. Nf3 e6 3. d4 cxd4 4. Nxd4 Nf6 5. Nc3 Nc6 6. Ndb5 d6 7. Bf4 e5 8. Bg5 a6 9. Na3 b5 10. Nd5 Be7 11. Bxf6 Bxf6 12. c3 Bg5 13. Nc2 0-0 14. h4 Bh6 15. g4 Bf4 16. a4 bxa4 17. Rxa4 a5 18. Bc4 Rb8 19. b3 Be6 20. Nce3 Kh8 21. Kf1 Ne7 22. Nxe7 Qxe7 23. Nf5 Bxc4+ 24. bxc4 Qa7 25. Rh3 Rb2 26. Rf3 Rd8 27. Kg2 g6 28. Nxd6 Rd2 29. Qxd2 Bxd2 30. Nxf7+ Kg8 31. Nxd8 Qd7 32. Rxa5 Bf4 33. Kf1 Qxd8 34. Rd5 Qc8 35. g5 Qxc4+ 36. Rfd3 Qxe4 37. Rd8+ Kf7 38. R8d7+ Ke6 39. R7d6+ Ke7 1/2-1/2

[Event "Obninsk op"]
[Site "Obninsk"]
[Date "2009.07.??"]
[Round "5"]
[White "Panko, Alexander"]
[Black "Pak, Alexander"]
[Result "1/2-1/2"]
[WhiteElo "2126"]
[BlackElo "1847"]
[PlyCount "109"]
[EventDate "2009.07.??"]
[EventType "swiss"]
[EventRounds "9"]
[EventCountry "RUS"]
[SourceTitle "CBM 131 Extra"]
[Source "ChessBase"]
[SourceDate "2009.09.03"]
[SourceVersion "2"]
[SourceVersionDate "2009.09.16"]
[SourceQuality "1"]

1. d4 d5 2. Bg5 h6 3. Bh4 c6 4. c3 Bf5 5. Nd2 Qb6 6. Qb3 Nd7 7. f3 Ngf6 8. Bf2 e6 9. g4 Bh7 10. Bg3 Be7 11. Nh3 c5 12. e3 c4 13. Qxb6 axb6 14. a3 b5 15. Bg2 b4 16. 0-0 bxc3 17. bxc3 Rxa3 18. Rxa3 Bxa3 19. Ra1 Bf8 20. Ra8+ Ke7 21. Bc7 g5 22. Ba5 Kd6 23. e4 e5 24. dxe5+ Kxe5 25. Bc7+ Ke6 26. exd5+ Nxd5 27. Re8+ Kf6 28. Nf2 Nxc7 29. Rc8 Ne6 30. Nfe4+ Bxe4 31. Nxe4+ Kg7 32. Rxc4 Be7 33. Ng3 Bf6 34. Nf5+ Kg6 35. f4 b5 36. Rc6 gxf4 37. Be4 Kg5 38. Nd6 Nd8 39. Rc8 Be5 40. Rxd8 Rxd8 41. Nxf7+ Kxg4 42. Nxd8 Bxc3 43. Bc6 Ne5 44. Bxb5 Bd4+ 45. Kh1 Ng6 46. Bd7+ Kf3 47. Nf7 Bg7 48. Kg1 Nh4 49. Kf1 Ke3 50. Nd6 f3 51. Nf5+ Nxf5 52. Bxf5 Kf4 53. Bc8 Bd4 54. h3 Kg3 55. Bd7 1/2-1/2

[Event "Obninsk op"]
[Site "Obninsk"]
[Date "2009.07.??"]
[Round "9"]
[White "Panko, Alexander"]
[Black "Shafarostov, Artem"]
[Result "0-1"]
[WhiteElo "2126"]
[BlackElo "1998"]
[PlyCount "80"]
[EventDate "2009.07.??"]
[EventType "swiss"]
[EventRounds "9"]
[EventCountry "RUS"]
[SourceTitle "CBM 131 Extra"]
[Source "ChessBase"]
[SourceDate "2009.09.03"]
[SourceVersion "2"]
[SourceVersionDate "2009.09.16"]
[SourceQuality "1"]

1. d4 d5 2. Bg5 f6 3. Bh4 c5 4. e3 Nc6 5. Nf3 Qb6 6. Nc3 e6 7. a3 cxd4 8. exd4 Nh6 9. Bd3 Bd6 10. Bg3 Nf7 11. 0-0 Bd7 12. Re1 0-0-0 13. Bf1 Bxg3 14. hxg3 h5 15. Na4 Qc7 16. Nc5 h4 17. Nxh4 Rh6 18. Bb5 g5 19. Nf3 Rdh8 20. Kf1 Rh1+ 21. Ng1 Qd6 22. Nxd7 Qxd7 23. Qf3 f5 24. Qe3 R8h6 25. Rac1 Nd6 26. Bd3 Qf7 27. c4 f4 28. Qf3 Nxd4 29. cxd5+ Kb8 30. Qg4 exd5 31. Re5 f3 32. Qxd4 Qh5 33. Re8+ Nxe8 34. Rc8+ Kxc8 35. Bf5+ Kb8 36. Qe5+ Nd6 37. Bh3 fxg2+ 38. Kxg2 Rxg1+ 39. Kxg1 Qxh3 40. f3 Qh1+ 0-1